Çay Üretiminde Lider 10 Ülke - Statistics

General Stats
  • This quiz has been taken 32 times
  • The average score is 4 of 10
Answer Stats
Milyon Ton Ülke % Correct
1.30 Türkiye
97%
14.53 Çin
91%
5.97 Hindistan
88%
1.40 Sri Lanka
44%
0.60 Endonezya
41%
1.12 Vietnam
31%
0.36 Arjantin
19%
0.44 Bangladeş
19%
2.33 Kenya
9%
0.33 Uganda
3%
No matching quizzes found
Score Distribution
Percent of People with Each Score
Percentile by Number Answered
Your Score History
You have not taken this quiz